[Event "Styrian op U08/12 29th"]
[Site "Mureck"]
[Date "2023.08.05"]
[Round "4"]
[White "Pichler, Clemens1111"]
[Black "Aichinger, Johannes"]
[Result "1-0"]
[WhiteElo "886"]
[BlackElo "1180"]
[PlyCount "59"]
[EventDate "2023.08.02"]
[EventRounds "9"]
[EventCountry "AUT"]
[SourceTitle "EXT 2024"]
[Source "ChessBase"]
[SourceDate "2023.10.10"]
[SourceVersion "1"]
[SourceVersionDate "2023.10.10"]
[SourceQuality "1"]

1. e4 e5 2. Nf3 Nc6 3. Nc3 Nf6 4. Bb5 Bc5 5. 0-0 d6 6. h3 0-0 7. Bxc6 bxc6 8. d4 exd4 9. Nxd4 Bxd4 10. Qxd4 d5 11. Bg5 Qd6 12. e5 c5 13. Qf4 Nh5 14. exd6 Nxf4 15. Bxf4 d4 16. Nb5 c6 17. Nc7 Rb8 18. b3 Rd8 19. Rfe1 Bb7 20. Re4 g5 21. Bh2 Bc8 22. Rae1 Bd7 23. Na6 Rb5 24. Re7 Ra5 25. Nb8 Rxb8 26. Rxd7 Rxa2 27. Rde7 Kg7 28. Be5+ Kg6 29. d7 Rd8 30. Bc7 1-0

[Event "Vienna State-chC"]
[Site "Vienna"]
[Date "2022.09.21"]
[Round "5"]
[White "Aichinger, Johannes"]
[Black "Zikic, Goran"]
[Result "0-1"]
[WhiteElo "1169"]
[BlackElo "1340"]
[PlyCount "126"]
[EventDate "2022.09.17"]
[EventType "swiss"]
[EventRounds "9"]
[EventCountry "AUT"]
[SourceTitle "CBM 210 Extra"]
[Source "ChessBase"]
[SourceDate "2022.11.30"]
[SourceVersion "1"]
[SourceVersionDate "2022.11.30"]
[SourceQuality "1"]

1. e4 e5 2. Nf3 d6 3. Bc4 h6 4. d3 Nf6 5. Nc3 Nc6 6. Be3 a6 7. Qd2 Be7 8. a3 0-0 9. h3 Nh7 10. g4 Ng5 11. Nxg5 Bxg5 12. h4 Bxe3 13. Qxe3 Nd4 14. 0-0-0 Bxg4 15. Rdg1 h5 16. Rxg4 hxg4 17. h5 c6 18. h6 Qf6 19. hxg7 Kxg7 20. Qg3 Qf4+ 21. Qxf4 exf4 22. Rh4 b5 23. Rxg4+ Kf6 24. Ba2 f3 25. Rf4+ Ke7 26. Kd2 a5 27. Nd1 a4 28. Ne3 Rab8 29. Nf5+ Nxf5 30. Rxf5 b4 31. axb4 Rxb4 32. b3 axb3 33. Bxb3 f6 34. Rxf3 Rh8 35. Ke3 Rb5 36. Bc4 Rbh5 37. Rg3 Rh3 38. Kf3 Rxg3+ 39. Kxg3 Rh1 40. f4 c5 41. f5 Kd7 42. Be6+ Kc6 43. Kf3 Kb5 44. Ke3 Kb4 45. Kd2 Rh2+ 46. Kd1 Kc3 47. Bb3 Rh1+ 48. Ke2 Rb1 49. Ke3 Rxb3 50. cxb3 Kxb3 51. Ke2 Kc3 52. Ke3 Kb4 53. Ke2 Kb5 54. Kd2 Kc6 55. Kc3 d5 56. d4 dxe4 57. Kc4 e3 58. d5+ Kd6 59. Kd3 e2 60. Kxe2 Kxd5 61. Kd3 c4+ 62. Kc3 Kc5 63. Kc2 Kd4 0-1

[Event "EU Union-ch U10 19th"]
[Site "Mureck"]
[Date "2022.08.08"]
[Round "6"]
[White "Pop, Maria Olivia"]
[Black "Aichinger, Johannes"]
[Result "0-1"]
[WhiteElo "1110"]
[BlackElo "1202"]
[PlyCount "90"]
[EventDate "2022.08.03"]
[EventType "swiss"]
[EventRounds "9"]
[EventCountry "AUT"]
[SourceTitle "EXT 2023"]
[Source "ChessBase"]
[SourceDate "2022.10.05"]
[SourceVersion "1"]
[SourceVersionDate "2022.10.05"]
[SourceQuality "1"]

1. d4 Nf6 2. Bf4 g6 3. Nc3 d6 4. Qd2 Bg7 5. 0-0-0 Nbd7 6. e4 c5 7. d5 Qb6 8. Kb1 Nxe4 9. Qe3 Nxc3+ 10. Kc1 Qxb2+ 11. Kd2 Nxd5 12. Qe4 Nc3 13. Qe3 Nxd1 14. Kxd1 Qd4+ 15. Qxd4 Bxd4 16. Ke2 Be5 17. Bd2 b6 18. Nf3 Ba6+ 19. Kd1 Bxf1 20. Rxf1 0-0-0 21. Kc1 Bg7 22. c3 Ne5 23. Nxe5 Bxe5 24. g3 d5 25. Re1 Bf6 26. Kc2 d4 27. cxd4 Rxd4 28. Be3 Rc4+ 29. Kd2 Bc3+ 30. Ke2 Bxe1 31. Kxe1 Re4 32. Ke2 Rxe3+ 33. Kxe3 Rd8 34. h4 Rd4 35. a3 Ra4 36. Kf3 Rxa3+ 37. Kg4 c4 38. f3 c3 39. f4 c2 40. f5 c1Q 41. fxg6 fxg6 42. h5 gxh5+ 43. Kxh5 Rxg3 44. Kh4 Rg6 45. Kh3 Qh6# 0-1

[Event "AUT-ch U10"]
[Site "St Veit"]
[Date "2022.06.05"]
[Round "4"]
[White "Fischkin, Daniel"]
[Black "Aichinger, Johannes"]
[Result "0-1"]
[WhiteElo "978"]
[BlackElo "1202"]
[PlyCount "66"]
[EventDate "2022.06.04"]
[EventType "swiss"]
[EventRounds "7"]
[EventCountry "AUT"]
[SourceTitle "EXT 2023"]
[Source "ChessBase"]
[SourceDate "2022.10.05"]
[SourceVersion "1"]
[SourceVersionDate "2022.10.05"]
[SourceQuality "1"]

1. e4 e5 2. Nf3 Nc6 3. Bc4 Bc5 4. d3 d6 5. Ng5 Qf6 6. Qd2 Be6 7. Bxe6 fxe6 8. Nc3 Nge7 9. Nb5 Bb6 10. Qe2 a6 11. Nc3 Nd4 12. Qd2 h6 13. Nh3 g5 14. Qd1 g4 15. Ng1 Nb3 16. Qe2 Nxa1 17. Na4 Ba7 18. Nc3 Nc6 19. a3 Nd4 20. Qd2 Naxc2+ 21. Kd1 Qg6 22. Nge2 Nxe2 23. Qxe2 Nd4 24. Qd2 0-0-0 25. a4 Qh5 26. Ne2 g3 27. b4 gxf2 28. Rf1 d5 29. Rxf2 dxe4 30. h3 Nb3 31. Qc2 exd3 32. Qc3 dxe2+ 33. Ke1 Rd1# 0-1

[Event "AUT-ch U10"]
[Site "St Veit"]
[Date "2022.06.04"]
[Round "2"]
[White "Aichinger, Johannes"]
[Black "Radnaev, Leo"]
[Result "0-1"]
[WhiteElo "1202"]
[BlackElo "1307"]
[PlyCount "58"]
[EventDate "2022.06.04"]
[EventType "swiss"]
[EventRounds "7"]
[EventCountry "AUT"]
[SourceTitle "EXT 2023"]
[Source "ChessBase"]
[SourceDate "2022.10.05"]
[SourceVersion "1"]
[SourceVersionDate "2022.10.05"]
[SourceQuality "1"]

1. e4 c5 2. Nf3 e6 3. c3 d5 4. e5 d4 5. cxd4 cxd4 6. Qa4+ Nc6 7. Bb5 Bd7 8. Bxc6 Bxc6 9. Qxd4 Qxd4 10. Nxd4 Bxg2 11. Rg1 Be4 12. Nc3 Bd5 13. Nxd5 exd5 14. Nb3 b6 15. d4 g6 16. f4 Bb4+ 17. Bd2 Bxd2+ 18. Kxd2 Ne7 19. Rae1 Kd7 20. h4 h5 21. Re2 Ke6 22. Nc1 Nf5 23. Rh1 Nxd4 24. Re3 Rac8 25. Rc3 Nf5 26. Nd3 Rxc3 27. Kxc3 Ng3 28. Rh2 Rc8+ 29. Kd2 Nf1+ 0-1

[Event "AUT-ch U08 Online Rapid"]
[Site "Playchess.com INT"]
[Date "2020.12.13"]
[Round "6"]
[White "Aichinger, Johannes"]
[Black "Burger, Edgar"]
[Result "1-0"]
[WhiteElo "1509"]
[BlackElo "1633"]
[PlyCount "47"]
[EventDate "2020.12.13"]
[EventType "swiss (rapid)"]
[EventRounds "7"]
[EventCountry "AUT"]
[SourceTitle "EXT 2022"]
[Source "ChessBase"]
[SourceDate "2021.10.06"]
[SourceVersion "1"]
[SourceVersionDate "2021.10.06"]
[SourceQuality "1"]

1. e4 e5 2. Nf3 Nf6 3. Nxe5 Nxe4 4. Qe2 d5 5. d3 Nf6 6. Nc6+ Qe7 7. Nxe7 Bxe7 8. Bg5 Nc6 9. Nc3 Be6 10. Bxf6 Bxf6 11. Nxd5 0-0 12. Nxf6+ gxf6 13. Qf3 Rae8 14. 0-0-0 Nd4 15. Qxf6 Nf5 16. h4 Rd8 17. h5 Bd5 18. g4 Rd6 19. Qxf5 Bxh1 20. Be2 Rd5 21. Qf4 Bg2 22. h6 f5 23. Qg5+ Kh8 24. Qg7# 1-0